[Event "7th Southwest Class Ch."]
[Site "Dallas"]
[Date "2016.02.15"]
[Round "8.12"]
[White "Indjic, Aleksandar"]
[Black "Eckert, Doug"]
[Result "1-0"]
[WhiteElo "2562"]
[BlackElo "2190"]
[PlyCount "85"]
[EventDate "2016.02.??"]
[EventType "swiss"]
[EventRounds "9"]
[EventCountry "USA"]

1. Nf3 Nf6 2. c4 e6 3. d4 d5 4. Nc3 Bb4 5. cxd5 exd5 6. Bg5 h6 7. Bxf6 Qxf6 8.
Qa4+ Nc6 9. e3 O-O 10. Be2 Rd8 11. Rc1 a6 12. O-O Be6 13. Qd1 Bd6 14. Na4 Ne7
15. Nc5 Bc8 16. b4 b6 17. Nd3 Ng6 18. a4 Qe7 19. Qb3 Be6 20. Rc3 Rdc8 21. Rfc1
Rab8 22. Rc6 Qe8 23. Nde5 Bxe5 24. dxe5 d4 25. Qd3 dxe3 26. Qxe3 Bd5 27. Rxc7
Rxc7 28. Rxc7 Qxa4 29. Qd4 Be6 30. h4 a5 31. h5 Nf8 32. b5 Qa2 33. Bd3 Bd5 34.
Qf4 Rd8 35. Nd4 Nh7 36. Qf5 Nf8 37. Qf4 Qa1+ 38. Kh2 Ba2 39. Nc6 Re8 40. Re7
Ra8 41. Rxf7 Bxf7 42. Ne7+ Kh8 43. Qxf7 1-0

[Event "7th Southwest Class Ch."]
[Site "Dallas"]
[Date "2016.02.15"]
[Round "8.13"]
[White "Feinstein, Michael"]
[Black "Toolin, Christopher"]
[Result "1/2-1/2"]
[WhiteElo "2163"]
[BlackElo "2241"]
[PlyCount "183"]
[EventDate "2016.02.??"]
[EventType "swiss"]
[EventRounds "9"]
[EventCountry "USA"]

1. d4 d5 2. c4 e6 3. Nc3 Nf6 4. cxd5 exd5 5. Bg5 Bb4 6. Qa4+ Nc6 7. e3 O-O 8.
Bd3 h6 9. Bh4 Be6 10. Nge2 a6 11. O-O Bd6 12. Bg3 b5 13. Qd1 Na5 14. b3 Re8 15.
Bxd6 Qxd6 16. Ng3 Nb7 17. Be2 Rad8 18. Qc2 c5 19. dxc5 Qxc5 20. Qb2 d4 21. Nce4
Nxe4 22. Nxe4 Qb6 23. exd4 Bxb3 24. Ng3 Bd5 25. Rfd1 Nd6 26. Rac1 Qb7 27. Bf1
Re6 28. Nh5 Re4 29. Qc3 Qe7 30. Ng3 Re6 31. Qa5 Nc4 32. Bxc4 Bxc4 33. Nf5 Qf6
34. a4 Re2 35. axb5 axb5 36. f3 Ra2 37. Qc7 Re8 38. Ng3 Qg5 39. Qd7 Re7 40.
Qc8+ Kh7 41. Kh1 h5 42. Qh3 g6 43. Ne4 Qf4 44. Rc3 Be6 45. Qg3 Qxg3 46. hxg3 b4
47. Re3 Kg7 48. Nc5 Ra3 49. Ree1 Rc3 50. Na4 Ra3 51. Nc5 Bb3 52. Nxb3 Rxe1+ 53.
Rxe1 Rxb3 54. d5 Rd3 55. Re4 b3 56. Rb4 Kf6 57. Kh2 Ke5 58. Rb5 Kd6 59. f4 f6
60. Kh3 g5 61. fxg5 fxg5 62. Kh2 Rc3 63. g4 h4 64. Kg1 Rc1+ 65. Kh2 Rb1 66. g3
hxg3+ 67. Kxg3 b2 68. Kg2 Ke5 69. Kh2 Kd6 70. Kg2 Ke5 71. Kh2 Kf4 72. d6 Rd1
73. Rxb2 Rxd6 74. Rb4+ Kf3 75. Rb3+ Kxg4 76. Kg2 Rd2+ 77. Kg1 Kh4 78. Rc3 Re2
79. Rb3 g4 80. Rc3 Ra2 81. Rb3 Ra5 82. Rc3 Rf5 83. Kg2 Rd5 84. Rb3 Rd2+ 85. Kg1
Rc2 86. Ra3 Kg5 87. Rb3 Re2 88. Ra3 Kf4 89. Rb3 Rd2 90. Rb4+ Kg3 91. Rb3+ Kh4
92. Ra3 1/2-1/2

[Event "7th Southwest Class Ch."]
[Site "Dallas"]
[Date "2016.02.15"]
[Round "8.14"]
[White "Prilleltensky, Matan"]
[Black "Green, Austen"]
[Result "1/2-1/2"]
[WhiteElo "2232"]
[BlackElo "2054"]
[PlyCount "109"]
[EventDate "2016.02.??"]
[EventType "swiss"]
[EventRounds "9"]
[EventCountry "USA"]

1. d4 f5 2. Nc3 Nf6 3. Bg5 d5 4. Bxf6 exf6 5. e3 Be6 6. Qf3 Be7 7. Bd3 g6 8.
Nge2 Bf7 9. h3 h5 10. g4 fxg4 11. hxg4 c6 12. Nf4 Rh6 13. gxh5 g5 14. Nfe2 Nd7
15. Ng3 Bf8 16. O-O-O Qa5 17. Kb1 O-O-O 18. Nf5 Rh8 19. Ne2 c5 20. dxc5 Ne5 21.
Qg3 Bxc5 22. Ned4 Bxh5 23. Rc1 Bf7 24. Nb3 Qb6 25. Rxh8 Rxh8 26. Nxc5 Qxc5 27.
Nd4 Qb6 28. f4 gxf4 29. Qxf4 Rf8 30. Rf1 Bg8 31. Qh6 Qd8 32. Qf4 Kb8 33. Nf3
Re8 34. Bb5 Re6 35. a3 a6 36. Bd3 Ka7 37. Bf5 Nxf3 38. Rxf3 Rd6 39. Qd4+ Qb6
40. c3 Be6 41. Bc2 Bf7 42. Kc1 Kb8 43. Qxb6 Rxb6 44. Rh3 Be6 45. Rh6 Bg4 46. b4
Re6 47. Kd2 Kc7 48. a4 Kd6 49. a5 f5 50. Rh2 Re7 51. Bb3 Ke5 52. Rh6 Bf3 53.
Rh8 Be4 54. Ba4 Rg7 55. Rh2 1/2-1/2

[Event "7th Southwest Class Ch."]
[Site "Dallas"]
[Date "2016.02.15"]
[Round "8.15"]
[White "Andrenko, Iryna"]
[Black "Sawyer, Bradley"]
[Result "0-1"]
[WhiteElo "2217"]
[BlackElo "2124"]
[PlyCount "124"]
[EventDate "2016.02.??"]
[EventType "swiss"]
[EventRounds "9"]
[EventCountry "USA"]

1. e4 c5 2. Nf3 d6 3. d4 cxd4 4. Nxd4 Nf6 5. Nc3 a6 6. Qe2 Qb6 7. Nb3 e6 8. g4
Be7 9. Bg2 Nc6 10. Be3 Qc7 11. g5 Nd7 12. a4 Na5 13. Nd2 Nb6 14. O-O O-O 15.
Nf3 Nbc4 16. Bc1 Ne5 17. h4 Bd7 18. Nh2 Rfc8 19. f4 Nec4 20. b3 Na3 21. Rxa3
Qxc3 22. Qd2 b6 23. Ra2 Qxd2 24. Bxd2 Nc6 25. Nf3 Ra7 26. c4 Rb8 27. Be3 Rc7
28. Rd1 b5 29. cxb5 axb5 30. a5 Ra8 31. Bb6 Rb7 32. Rdd2 Nb4 33. Rab2 Be8 34.
Bf1 d5 35. Nd4 dxe4 36. Nxb5 Nd5 37. Rxd5 exd5 38. Nc7 Bc5+ 39. Bxc5 Rxc7 40.
b4 Rxc5 41. bxc5 Rxa5 42. Rb8 Kf8 43. c6 Rc5 44. Bb5 Ke7 45. c7 Bd7 46. Bxd7
Kxd7 47. Rf8 Rxc7 48. Rxf7+ Kd6 49. Rf5 e3 50. Kf1 d4 51. Re5 Rc1+ 52. Ke2 Rc2+
53. Kf3 Rf2+ 54. Kg3 Rf1 55. h5 Kc6 56. Re6+ Kc5 57. Re8 d3 58. Rxe3 d2 59. Rd3
d1=Q 60. Rxd1 Rxd1 61. f5 Kd5 62. f6 gxf6 0-1

[Event "7th Southwest Class Ch."]
[Site "Dallas"]
[Date "2016.02.15"]
[Round "8.16"]
[White "Yanayt, Eugene"]
[Black "Nguyen, Emily"]
[Result "1-0"]
[WhiteElo "2190"]
[BlackElo "1915"]
[PlyCount "85"]
[EventDate "2016.02.??"]
[EventType "swiss"]
[EventRounds "9"]
[EventCountry "USA"]

1. d4 d5 2. c4 c6 3. Nf3 Nf6 4. Nc3 e6 5. g3 dxc4 6. Bg2 b5 7. O-O Bb7 8. e4
Be7 9. Qe2 O-O 10. Bg5 Nbd7 11. e5 Nd5 12. Ne4 Bxg5 13. Nexg5 h6 14. Ne4 Qb6
15. a4 a6 16. Rfc1 c5 17. b3 c3 18. Nxc3 Nxc3 19. Rxc3 cxd4 20. a5 Bxf3 21.
Bxf3 Qa7 22. Rc6 Rac8 23. Rac1 Qb8 24. Bg2 Rxc6 25. Rxc6 d3 26. Qd2 Qxe5 27.
Qxd3 Qe1+ 28. Bf1 Ne5 29. Qc3 Qe4 30. Bg2 Qe2 31. Rd6 Ng4 32. Qd2 Qe5 33. h3
Nf6 34. Rxa6 Rc8 35. Ra8 Rxa8 36. Bxa8 Qb8 37. Bc6 b4 38. Qd4 Qc8 39. Qb6 Nd5
40. Bxd5 exd5 41. a6 Qc1+ 42. Kg2 d4 43. a7 1-0

[Event "7th Southwest Class Ch."]
[Site "Dallas"]
[Date "2016.02.15"]
[Round "8.17"]
[White "Serna, Jeffery"]
[Black "Franco, Eduardo"]
[Result "0-1"]
[WhiteElo "2009"]
[BlackElo "2167"]
[PlyCount "79"]
[EventDate "2016.02.??"]
[EventType "swiss"]
[EventRounds "9"]
[EventCountry "USA"]

1. e4 e6 2. d4 d5 3. Nd2 Nf6 4. Bd3 b6 5. e5 Nfd7 6. Ne2 c5 7. c3 Ba6 8. Bxa6
Nxa6 9. Nf3 Be7 10. O-O c4 11. Be3 b5 12. Qd2 Nb6 13. h3 h6 14. Nh2 Kd7 15.
Rfb1 Qg8 16. Qd1 Qh7 17. a4 bxa4 18. b3 cxb3 19. c4 Nb4 20. c5 Nc2 21. cxb6
axb6 22. Nc3 Nxa1 23. Rxa1 b2 24. Rxa4 b5 25. Qb3 Rxa4 26. Qxb5+ Kc7 27. Qxa4
b1=Q+ 28. Nxb1 Qxb1+ 29. Nf1 Rb8 30. Bd2 Bb4 31. Bxb4 Qxb4 32. Qa7+ Rb7 33. Qa6
Qb6 34. Qa3 Qb4 35. Qa6 Kb8 36. Qd3 g6 37. Qe3 Rc7 38. Nd2 Qc3 39. Qxh6 Qxd4
40. Nf3 {[%emt 0:00:56] 0-1,} 0-1

[Event "7th Southwest Class Ch."]
[Site "Dallas"]
[Date "2016.02.15"]
[Round "8.18"]
[White "Gorti, Akshita"]
[Black "Wang, Justin"]
[Result "0-1"]
[WhiteElo "2242"]
[BlackElo "2118"]
[PlyCount "102"]
[EventDate "2016.02.??"]
[EventType "swiss"]
[EventRounds "9"]
[EventCountry "USA"]

1. d4 Nf6 2. c4 e6 3. Nf3 d5 4. Nc3 Be7 5. Bf4 O-O 6. a3 b6 7. e3 Bb7 8. Be2
Nbd7 9. O-O c5 10. dxc5 Nxc5 11. b4 Nce4 12. Nxe4 Nxe4 13. Be5 a5 14. Qb3 a4
15. Qa2 Bf6 16. Qb2 Rc8 17. Rac1 dxc4 18. Bxc4 Bxe5 19. Qxe5 Qc7 20. Qb2 Qe7
21. Nd4 Nd6 22. Be2 Bd5 23. Ba6 Ra8 24. Bd3 Qd7 25. b5 Rfc8 26. Rfd1 f5 27. Qb4
Nb7 28. Bf1 Rc5 29. f4 Qc7 30. Qb2 Rc8 31. Rb1 Nd6 32. Bd3 Rc3 33. Qb4 Qc5 34.
Qxa4 Rxa3 35. Qb4 Qxb4 36. Rxb4 Rcc3 37. Bc2 Ra2 38. Bb3 Rxg2+ 39. Kf1 Rxh2 40.
Bxd5 exd5 41. Kg1 Ra2 42. Re1 g6 43. Nc6 Rcc2 44. Ne7+ Kf7 45. Nxd5 Rg2+ 46.
Kh1 Rh2+ 47. Kg1 Ne4 48. Rxe4 fxe4 49. Nxb6 h5 50. Nc4 h4 51. Nd6+ Kf8 0-1

[Event "7th Southwest Class Ch."]
[Site "Dallas"]
[Date "2016.02.15"]
[Round "8.20"]
[White "Brooks, Curtis"]
[Black "Roach, Andrew"]
[Result "1-0"]
[WhiteElo "2022"]
[BlackElo "1977"]
[PlyCount "107"]
[EventDate "2016.02.??"]
[EventType "swiss"]
[EventRounds "9"]
[EventCountry "USA"]

1. e4 c5 2. d4 cxd4 3. c3 dxc3 4. Nxc3 Nc6 5. Nf3 e6 6. Bc4 Nge7 7. Bf4 Ng6 8.
Bg3 Be7 9. O-O O-O 10. Nb5 a6 11. Bc7 Qe8 12. Nd6 Bxd6 13. Bxd6 Nge7 14. a4 Qd8
15. b4 b6 16. e5 Re8 17. Bd3 Nf5 18. Bxf5 exf5 19. Rc1 b5 20. a5 Bb7 21. Qd3 f6
22. Qxf5 Nxe5 23. Nxe5 fxe5 24. Bxe5 Qe7 25. Bc3 Be4 26. Qg4 Bd3 27. Rfe1 Qf7
28. h4 d5 29. Rcd1 Re4 30. Qg3 Rxe1+ 31. Rxe1 Be4 32. f3 Bg6 33. Qd6 Qa7+ 34.
Kh1 Re8 35. Qxd5+ Kh8 36. h5 Rxe1+ 37. Bxe1 Qe7 38. Bg3 Be8 39. h6 Qf7 40. Qxf7
Bxf7 41. Be5 Kg8 42. hxg7 h5 43. Kg1 Kh7 44. Kf2 Kg6 45. Ke3 Kf5 46. Kd4 Ke6
47. Bh2 Ke7 48. Kc5 Ke6 49. Kb6 Kd5 50. Kxa6 Kc6 51. Ka7 Bg8 52. Kb8 Be6 53. a6
Kb6 54. a7 1-0

[Event "7th Southwest Class Ch."]
[Site "Dallas"]
[Date "2016.02.15"]
[Round "8.21"]
[White "Gutman, Joshua"]
[Black "Dejmek, Mark"]
[Result "1-0"]
[WhiteElo "2092"]
[BlackElo "1978"]
[PlyCount "47"]
[EventDate "2016.02.??"]
[EventType "swiss"]
[EventRounds "9"]
[EventCountry "USA"]

1. d4 Nf6 2. Nf3 c5 3. d5 e6 4. Nc3 b5 5. Bg5 b4 6. Ne4 Bb7 7. Bxf6 gxf6 8. c4
f5 9. Ned2 d6 10. e4 fxe4 11. Nxe4 Qe7 12. Qa4+ Nd7 13. O-O-O Bh6+ 14. Kb1 O-O
15. Qxd7 Qxd7 16. Nf6+ Kg7 17. Nxd7 Rfd8 18. dxe6 fxe6 19. Rxd6 Bc8 20. Nfe5
Bf4 21. Rd3 Rf8 22. Be2 Rf5 23. Bf3 Bxe5 24. Nxe5 1-0

[Event "7th Southwest Class Ch."]
[Site "Dallas"]
[Date "2016.02.15"]
[Round "8.22"]
[White "Kelly, Joey"]
[Black "Yu, Jennifer"]
[Result "0-1"]
[WhiteElo "2016"]
[BlackElo "2102"]
[PlyCount "72"]
[EventDate "2016.02.??"]
[EventType "swiss"]
[EventRounds "9"]
[EventCountry "USA"]

1. d4 d5 2. c4 c6 3. Nc3 Nf6 4. Nf3 dxc4 5. a4 Bf5 6. Ne5 Nbd7 7. Nxc4 Qc7 8.
g3 e5 9. dxe5 Nxe5 10. Bf4 Nfd7 11. Bg2 g5 12. Ne3 gxf4 13. Nxf5 O-O-O 14. Qc2
Nc5 15. O-O fxg3 16. hxg3 a5 17. Rad1 h5 18. Ne4 Nxe4 19. Qxe4 Ng6 20. Rxd8+
Qxd8 21. Nd4 Bg7 22. Rd1 Bxd4 23. Rxd4 Qf6 24. Rd3 h4 25. Rf3 Qxb2 26. Rxf7
Qc1+ 27. Bf1 h3 28. Qh1 h2+ 29. Kg2 Qc4 30. Rf3 Qg4 31. Qxh2 Rxh2+ 32. Kxh2
Qxa4 33. Rf6 Ne5 34. Bh3+ Kb8 35. f4 Nc4 36. f5 Ne5 0-1

[Event "7th Southwest Class Ch."]
[Site "Dallas"]
[Date "2016.02.15"]
[Round "8.23"]
[White "Ghatti, Sanjay"]
[Black "Song, Terry"]
[Result "1/2-1/2"]
[WhiteElo "2172"]
[BlackElo "2200"]
[PlyCount "110"]
[EventDate "2016.02.??"]
[EventType "swiss"]
[EventRounds "9"]
[EventCountry "USA"]

1. e4 c5 2. Nf3 d6 3. d4 cxd4 4. Nxd4 Nf6 5. Nc3 a6 6. g3 e5 7. Nde2 Be7 8. Bg2
O-O 9. O-O Nbd7 10. a4 b6 11. Nd5 Nxd5 12. Qxd5 Rb8 13. Be3 Nf6 14. Qd3 Qc7 15.
Nc3 Bb7 16. Rfd1 Rfd8 17. Qe2 Rbc8 18. Bh3 Ra8 19. Bg5 Ne8 20. Bxe7 Qxe7 21.
Qc4 Nf6 22. f3 Bc8 23. Bxc8 Rdxc8 24. Qb4 Rc6 25. Rd2 Qc7 26. Rad1 Rd8 27. f4
Qe7 28. Nd5 Nxd5 29. exd5 Rcc8 30. Re1 f6 31. Qxb6 Rb8 32. Qxa6 Rxb2 33. fxe5
fxe5 34. Rf2 Qc7 35. Qd3 Rc8 36. Ree2 Ra2 37. Qf5 Rxa4 38. Qe6+ Kh8 39. Rf7
Qb6+ 40. Ref2 Raa8 41. Kg2 Rg8 42. h4 Qb1 43. Qf5 Qd1 44. Qe4 Rac8 45. Kh2 Rc5
46. c4 Qd4 47. Qxd4 exd4 48. Rc2 Rgc8 49. Rcf2 h6 50. Rd7 Rxc4 51. Rff7 Rg8 52.
Rxd6 d3 53. Rf1 Rd4 54. Rd1 Rc8 55. Kg2 d2 1/2-1/2

[Event "7th Southwest Class Ch."]
[Site "Dallas"]
[Date "2016.02.15"]
[Round "8.25"]
[White "Polavaram, Rithik"]
[Black "Potula, Kapish"]
[Result "1-0"]
[WhiteElo "1826"]
[BlackElo "2042"]
[PlyCount "77"]
[EventDate "2016.02.??"]
[EventType "swiss"]
[EventRounds "9"]
[EventCountry "USA"]

1. d4 e6 2. c4 Nf6 3. Nc3 Bb4 4. e3 O-O 5. Nge2 d5 6. a3 Be7 7. Ng3 b6 8. Bd3
Bb7 9. O-O Nbd7 10. cxd5 exd5 11. Nf5 Re8 12. Qf3 Bf8 13. b3 a6 14. Bb2 g6 15.
Ng3 c5 16. Rfe1 Qc7 17. Rac1 Bh6 18. Na4 Bg7 19. dxc5 b5 20. c6 Bxc6 21. Nc5
Nxc5 22. Rxc5 Nd7 23. Rc2 Bxb2 24. Rxb2 Ne5 25. Qd1 Rad8 26. Ne2 Ng4 27. Nf4
Qd7 28. Be2 Nf6 29. Qd4 Qd6 30. Bf3 Ne4 31. Rc2 f5 32. Rec1 Rc8 33. Bxe4 Rxe4
34. Qb6 Re7 35. Rxc6 Rec7 36. Rxc7 Qxb6 37. Rxc8+ Kg7 38. b4 Qd6 39. R8c5 1-0

[Event "7th Southwest Class Ch."]
[Site "Dallas"]
[Date "2016.02.15"]
[Round "9.1"]
[White "Xiong, Jeffery"]
[Black "Li, Ruifeng"]
[Result "1-0"]
[WhiteElo "2588"]
[BlackElo "2483"]
[PlyCount "91"]
[EventDate "2016.02.??"]
[EventType "swiss"]
[EventRounds "9"]
[EventCountry "USA"]

1. e4 g6 2. d4 Bg7 3. Nf3 d6 4. Bd3 Nd7 5. O-O e5 6. dxe5 dxe5 7. Be3 Ngf6 8.
h3 O-O 9. c3 b6 10. Nbd2 Bb7 11. Qc2 Qe7 12. b4 a5 13. a3 Ne8 14. Rab1 axb4 15.
axb4 Nd6 16. c4 c5 17. bxc5 bxc5 18. Nb3 Rac8 19. Nfd2 f5 20. f3 f4 21. Bf2 Nf7
22. Nc1 Nb8 23. Ndb3 Na6 24. Na2 Nd8 25. Nc3 Ne6 26. Nd5 Qd8 27. Qd2 Ba8 28.
Qa5 Qd6 29. Rfd1 Rc6 30. Bc2 Nd4 31. Nxd4 cxd4 32. Ba4 Rc5 33. Qb6 Qxb6 34.
Rxb6 Nc7 35. Be1 Nxd5 36. cxd5 Rcc8 37. Bh4 Rb8 38. Rdb1 Rxb6 39. Rxb6 Kf7 40.
Bd7 g5 41. Bxg5 Rh8 42. Be6+ Kg6 43. Be7 Bf8 44. Bg8+ Kg7 45. Bf6+ Kxg8 46. Rb8
1-0

[Event "7th Southwest Class Ch."]
[Site "Dallas"]
[Date "2016.02.15"]
[Round "9.3"]
[White "Macieja, Bartlomiej"]
[Black "Sadorra, Julio"]
[Result "1-0"]
[WhiteElo "2559"]
[BlackElo "2514"]
[PlyCount "61"]
[EventDate "2016.02.??"]
[EventType "swiss"]
[EventRounds "9"]
[EventCountry "USA"]

1. Nf3 d5 2. d4 Nf6 3. c4 e6 4. Nc3 c6 5. Qb3 dxc4 6. Qxc4 b5 7. Qd3 a6 8. Bg5
c5 9. Bxf6 gxf6 10. e3 Bb7 11. Be2 Nc6 12. a3 Be7 13. O-O Qc7 14. dxc5 Rd8 15.
Qc2 Ne5 16. b4 Rg8 17. Qxh7 Kd7 18. Rad1+ Kc8 19. Rxd8+ Qxd8 20. Rd1 Qf8 21.
Nxe5 Rxg2+ 22. Kf1 fxe5 23. Nxb5 Rg7 24. Qd3 Qg8 25. Qd7+ Kb8 26. Ke1 Bh4 27.
c6 Bxf2+ 28. Kxf2 Rg2+ 29. Ke1 Rxe2+ 30. Kxe2 Qg4+ 31. Kd2 1-0

[Event "7th Southwest Class Ch."]
[Site "Dallas"]
[Date "2016.02.15"]
[Round "9.5"]
[White "Baryshpolets, Andrey"]
[Black "Vazquez, Guillermo"]
[Result "1-0"]
[WhiteElo "2548"]
[BlackElo "2400"]
[PlyCount "77"]
[EventDate "2016.02.??"]
[EventType "swiss"]
[EventRounds "9"]
[EventCountry "USA"]

1. d4 Nf6 2. c4 e6 3. Nf3 d5 4. Nc3 dxc4 5. e4 Bb4 6. Bxc4 Nxe4 7. O-O Nxc3 8.
bxc3 Be7 9. Ne5 O-O 10. Qg4 Nc6 11. Re1 f5 12. Qf3 Nxe5 13. Rxe5 Kh8 14. Re1
Bd6 15. Bf4 Bxf4 16. Qxf4 Qd6 17. Re5 Bd7 18. Rae1 Rae8 19. Qe3 h6 20. Qe2 Qc6
21. Bb5 Qd6 22. Bxd7 Qxd7 23. d5 Qd6 24. h3 Rf6 25. c4 b6 26. Qc2 Re7 27. Kh1
c6 28. Qe2 cxd5 29. cxd5 Ref7 30. dxe6 Re7 31. Qc2 a6 32. f4 Qb4 33. Qc8+ Kh7
34. Qxa6 Qxf4 35. Qxb6 Qd2 36. Qc5 Re8 37. R5e2 Qg5 38. e7 Rg6 39. Qd5 1-0

[Event "7th Southwest Class Ch."]
[Site "Dallas"]
[Date "2016.02.15"]
[Round "9.7"]
[White "Brown, Michael"]
[Black "Langer, Michael"]
[Result "0-1"]
[WhiteElo "2424"]
[BlackElo "2198"]
[PlyCount "78"]
[EventDate "2016.02.??"]
[EventType "swiss"]
[EventRounds "9"]
[EventCountry "USA"]

1. d4 Nf6 2. c4 c5 3. d5 b5 4. cxb5 a6 5. bxa6 g6 6. Nc3 Bg7 7. g3 Bxa6 8. Bg2
d6 9. Nf3 Nbd7 10. Rb1 Nb6 11. b3 Bb7 12. Nh4 O-O 13. Bb2 Qd7 14. Qd2 e6 15.
dxe6 fxe6 16. Bxb7 Qxb7 17. O-O d5 18. a4 Qc6 19. f4 c4 20. Ba3 Rfc8 21. Nb5
Ne4 22. Qc2 cxb3 23. Qxc6 Rxc6 24. Rfd1 Nxa4 25. Rxb3 Nac3 26. Nxc3 Rxc3 27.
Rd3 Rc2 28. Nf3 Rxe2 29. Rd1 Ra2 30. Bb4 Rb8 31. Rdb1 Ra1 32. Rxa1 Bxa1 33. Kg2
Bg7 34. Ne1 Nc5 35. Rb1 Na6 36. Nd3 Bf8 37. Bxf8 Rxb1 38. Bd6 Rb6 39. Be5 Nb4
0-1

[Event "7th Southwest Class Ch."]
[Site "Dallas"]
[Date "2016.02.15"]
[Round "9.8"]
[White "Sheng, Joshua"]
[Black "Panchanatham, Vignesh"]
[Result "1/2-1/2"]
[WhiteElo "2402"]
[BlackElo "2339"]
[PlyCount "42"]
[EventDate "2016.02.??"]
[EventType "swiss"]
[EventRounds "9"]
[EventCountry "USA"]

1. e4 e6 2. d4 d5 3. Nd2 Be7 4. c3 c5 5. dxc5 Nf6 6. e5 Nfd7 7. f4 Nxc5 8. Ngf3
a5 9. Nb3 Nc6 10. Be3 Qb6 11. Qd2 a4 12. Nxc5 Bxc5 13. Bxc5 Qxc5 14. Bd3 Bd7
15. Qf2 Ra5 16. O-O O-O 17. a3 Rc8 18. Qxc5 Rxc5 19. Kf2 Na5 20. Nd4 Nc6 21.
Ke3 g6 1/2-1/2

[Event "7th Southwest Class Ch."]
[Site "Dallas"]
[Date "2016.02.15"]
[Round "9.10"]
[White "Wang, Justin"]
[Black "Ruiz, Joshua"]
[Result "0-1"]
[WhiteElo "2118"]
[BlackElo "2371"]
[PlyCount "170"]
[EventDate "2016.02.??"]
[EventType "swiss"]
[EventRounds "9"]
[EventCountry "USA"]

1. e4 c5 2. c3 Nf6 3. e5 Nd5 4. Nf3 Nc6 5. Bc4 Nb6 6. Bb3 e6 7. O-O c4 8. Bc2
d6 9. exd6 Bxd6 10. d4 cxd3 11. Qxd3 Be7 12. Rd1 Qxd3 13. Bxd3 e5 14. Be4 f6
15. Nbd2 Be6 16. b3 O-O-O 17. Bb2 Nd7 18. Nf1 Nc5 19. Bc2 g6 20. b4 Nd7 21. Ne3
Nb6 22. Bb3 Bxb3 23. axb3 a6 24. Kf1 Rhe8 25. Nd2 Nd5 26. Ndc4 Nxe3+ 27. Nxe3
Rxd1+ 28. Rxd1 Rd8 29. Nd5 Bf8 30. Ke1 f5 31. Bc1 b5 32. Bg5 Rd6 33. Be3 Nd4
34. Bxd4 Rxd5 35. Be3 Rxd1+ 36. Kxd1 Kc7 37. f3 Kc6 38. Ke2 Kd5 39. Kd3 Be7 40.
Bd2 h5 41. Be3 Bd6 42. h3 Be7 43. Bd2 Ke6 44. Be3 g5 45. Bf2 g4 46. Be1 gxh3
47. gxh3 Kd5 48. c4+ Ke6 49. Bc3 Bh4 50. Ke3 Bg3 51. Kd3 Kf6 52. Bd2 Kg6 53.
Ke2 Kf7 54. c5 Bh4 55. f4 e4 56. Bc3 Ke6 57. Ke3 Kd5 58. Ke2 Bg3 59. Ke3 Bh2
60. Bd2 Bg1+ 61. Ke2 Bd4 62. Be1 Bf6 63. Kd2 Be7 64. Bf2 Bd8 65. Kc3 Be7 66.
Be3 Bd8 67. Bf2 Kc6 68. Bd4 a5 69. bxa5 Bxa5+ 70. b4 Bd8 71. Bf2 Kd5 72. Kb3
Bf6 73. Be3 Bh4 74. Kc3 Be1+ 75. Bd2 Bf2 76. Bc1 Bd4+ 77. Kb3 e3 78. Kc2 Ke4
79. h4 e2 80. Bd2 Be3 81. c6 Bxf4 82. Be1 Bd6 83. Kd2 Kf3 84. Kd3 f4 85. Bd2
Kf2 0-1

[Event "7th Southwest Class Ch."]
[Site "Dallas"]
[Date "2016.02.15"]
[Round "9.13"]
[White "Toolin, Christopher"]
[Black "Ghatti, Sanjay"]
[Result "1-0"]
[WhiteElo "2241"]
[BlackElo "2172"]
[PlyCount "117"]
[EventDate "2016.02.??"]
[EventType "swiss"]
[EventRounds "9"]
[EventCountry "USA"]

1. d4 Nf6 2. c4 e6 3. Nf3 d5 4. Nc3 Be7 5. Bf4 O-O 6. e3 b6 7. Qc2 c5 8. dxc5
bxc5 9. Be2 Nc6 10. Rd1 Qa5 11. O-O Rd8 12. Nb5 Rd7 13. Ne5 Nxe5 14. Bxe5 Ba6
15. a4 Bxb5 16. cxb5 Rad8 17. f4 Ne4 18. f5 Bg5 19. Rd3 exf5 20. Rxf5 f6 21.
Bc3 Nxc3 22. bxc3 Kh8 23. e4 dxe4 24. Rxd7 Rxd7 25. Qxe4 Rd8 26. Rxg5 fxg5 27.
Bd3 Kg8 28. Qxh7+ Kf7 29. Qf5+ Ke7 30. Qxg5+ Ke8 31. Qe5+ Kf7 32. Qf5+ Ke8 33.
Qe5+ Kf7 34. Bc4+ Kg6 35. Qe6+ Kh7 36. Qf5+ g6 37. Qf7+ Kh6 38. Qf4+ Kh7 39.
Qh4+ Kg7 40. Qe7+ Kh6 41. Qe3+ Kg7 42. Qe5+ Kh6 43. Qf6 Rd1+ 44. Kf2 Qd8 45.
Qxd8 Rxd8 46. Ke3 Kg5 47. a5 Re8+ 48. Kd3 Rd8+ 49. Ke4 Rd2 50. b6 axb6 51. a6
Rd7 52. Ke5 Rd1 53. Bd5 Ra1 54. Bb7 Ra5 55. Kd5 Kf4 56. Kc6 Ra3 57. Kxb6 Rxc3
58. a7 Ra3 59. Ba6 1-0

[Event "7th Southwest Class Ch."]
[Site "Dallas"]
[Date "2016.02.15"]
[Round "9.15"]
[White "Bykotsev, Agata"]
[Black "Brooks, Curtis"]
[Result "1-0"]
[WhiteElo "2176"]
[BlackElo "2022"]
[PlyCount "104"]
[EventDate "2016.02.??"]
[EventType "swiss"]
[EventRounds "9"]
[EventCountry "USA"]

1. e4 c5 2. Nf3 d6 3. Nc3 Nf6 4. d4 cxd4 5. Nxd4 g6 6. Bc4 Bg7 7. O-O O-O 8.
Re1 Nc6 9. Bb3 Na5 10. Bg5 h6 11. Bh4 Nxb3 12. axb3 a6 13. Qd2 Bd7 14. Rad1 Kh7
15. Qe2 Rc8 16. f4 Re8 17. h3 Qa5 18. Rd3 Nh5 19. Qe3 e5 20. Nde2 exf4 21. Nxf4
Nxf4 22. Qxf4 g5 23. Qxd6 Be6 24. b4 Qd8 25. Bg3 Bf8 26. Qe5 Qb6+ 27. Bf2 Qc7
28. Qa5 Qxa5 29. bxa5 Bc5 30. Rb1 Bxf2+ 31. Kxf2 Rc5 32. b4 Rc4 33. Nd5 Rxc2+
34. Kf3 Kg7 35. Ne3 Ra2 36. Rd6 Rc8 37. Rb6 Rc3 38. Rxb7 Kf6 39. Rb6 Ke5 40.
Re1 f5 41. exf5 Bxf5 42. Rxh6 g4+ 43. hxg4 Be4+ 44. Kg3 Rxg2+ 45. Kh4 Rh2+ 46.
Kg5 Rxh6 47. Kxh6 Kf4 48. Nf1 Rc7 49. Rxe4+ Kxe4 50. g5 Rb7 51. g6 Rxb4 52. g7
Rb8 1-0

[Event "7th Southwest Class Ch."]
[Site "Dallas"]
[Date "2016.02.15"]
[Round "9.16"]
[White "Githoro, Mbugua"]
[Black "Adrenko, Iryna"]
[Result "0-1"]
[WhiteElo "2042"]
[BlackElo "2217"]
[PlyCount "92"]
[EventDate "2016.02.??"]
[EventType "swiss"]
[EventRounds "9"]
[EventCountry "USA"]

1. d4 Nf6 2. Nf3 g6 3. c4 Bg7 4. Nc3 O-O 5. e4 d6 6. Be2 c5 7. O-O Re8 8. dxc5
dxc5 9. Qxd8 Rxd8 10. Bg5 Nc6 11. h3 h6 12. Be3 b6 13. Rad1 Be6 14. Nd5 Nxe4
15. Nc7 Rxd1 16. Rxd1 Rd8 17. Nxe6 Rxd1+ 18. Bxd1 fxe6 19. Ba4 Nd4 20. Kf1 Nd6
21. b3 e5 22. Nd2 Kf7 23. f3 Nc2 24. Ke2 a6 25. Ne4 Nf5 26. Bd2 Ncd4+ 27. Kd3
b5 28. cxb5 axb5 29. Bxb5 Nxb5 30. Kc4 Na3+ 31. Kxc5 e6 32. Nd6+ Ke7 33. Bc1
Nxd6 34. Bxa3 Kd7 35. Kb6 e4 36. Bxd6 Bd4+ 37. Kb5 exf3 38. gxf3 Kxd6 39. a4 g5
40. b4 h5 41. a5 e5 42. Kc4 Bf2 43. Kd3 Be1 44. a6 Bf2 45. Ke4 Ke6 46. b5 Bb6
0-1

[Event "7th Southwest Class Ch."]
[Site "Dallas"]
[Date "2016.02.15"]
[Round "9.17"]
[White "Eckert, Doug"]
[Black "Gutman, Joshua"]
[Result "1/2-1/2"]
[WhiteElo "2190"]
[BlackElo "2092"]
[PlyCount "93"]
[EventDate "2016.02.??"]
[EventType "swiss"]
[EventRounds "9"]
[EventCountry "USA"]

1. c4 e5 2. g3 Nf6 3. Bg2 c6 4. d4 exd4 5. Qxd4 Na6 6. Nf3 Bc5 7. Qe5+ Qe7 8.
Qxe7+ Bxe7 9. Nc3 d5 10. cxd5 Nb4 11. O-O Nbxd5 12. Nd4 Nxc3 13. bxc3 O-O 14.
e4 Rd8 15. Rb1 Ne8 16. Nf5 Bc5 17. Bf4 f6 18. Rfe1 g6 19. Be3 Bxe3 20. Nxe3 Nd6
21. c4 Be6 22. c5 Nb5 23. a4 Nc3 24. Rxb7 Nxa4 25. Rc1 Rdb8 26. Re7 Re8 27.
Rxe8+ Rxe8 28. e5 Rc8 29. exf6 Rc7 30. Nc4 Nxc5 31. Ne5 Nb3 32. Rd1 Rc8 33.
Bxc6 Rf8 34. Rd6 Nc5 35. Nd3 Nxd3 36. Rxe6 Nb4 37. Be8 Nd5 38. f7+ Kh8 39. Kf1
a5 40. Ke1 Kg7 41. Kd2 Nf6 42. h3 h5 43. h4 Nh7 44. f4 Nf6 45. Kc2 Ng4 46. Kd3
Nh6 47. Re5 1/2-1/2